000 00271nam a2200109 a 4500
008 120207s2008|||| d
100 1 _aĎurišová, Elena
245 1 0 _aŽenské bolesti chrbtice
260 _bAKU- HOMEO
_aHlohovec
_c2008
020 _cDar
044 _axo
_cSK
999 _c18381
_d18381